Ξάνθος Λυσιώτης και Μελής Νικολαϊδης : τα δυο ξαδέρφια

Αποθηκεύτηκε σε:
Λεπτομέρειες βιβλιογραφικής εγγραφής
Κύριος συγγραφέας: Χρυσάνθης, Κύπρος 1915-
Μορφή: Βιβλίο
Γλώσσα:Greek
Δημοσίευση: Λευκωσία : Ελληνικός Πνευματικός Ομιλος Κύπρου, 1987
Θέματα:
Ετικέτες: Προσθήκη ετικέτας
Δεν υπάρχουν, Καταχωρήστε ετικέτα πρώτοι!

MARC

LEADER 00000nam a2200000 i 4500
001 1/78191
008 970217s1987 gre d
035 |a 1993  |b 1  |c Δωρεά  |l 10032861 
040 |a GR-MY-UA  |b gre  |e aacr 
041 0 |a gre 
082 0 |a 889.092 
100 1 |a Χρυσάνθης, Κύπρος  |d 1915- 
245 1 0 |a Ξάνθος Λυσιώτης και Μελής Νικολαϊδης :  |b τα δυο ξαδέρφια /  |c Κύπρος Χρυσανθής 
260 |a Λευκωσία :   |b Ελληνικός Πνευματικός Ομιλος Κύπρου,   |c 1987 
300 |a 31 σ. 
650 0 0 |a Cyprian literature. 
650 0 0 |a Speeches, addresses, etc. 
852 |a INST  |b RHODES  |e 19970217  |h 889.092 ΧΡΥ  |p 005400000259  |q 005400000259  |t BK  |y 0 
909 |a Ρ  |b 024672  |c 1993 
970 |z 2000/06/ΟΙΚΟΝΟΜΟΠΟΥΛΟΥ (SUBJECT)